US or UK? Quiz Stats

 Plays Quiz Updated Nov 11, 2017

Challenge
Share
Tweet
Embed
Score 0/35 Timer 08:00
1 Play Today
Which country has the.. US/UK % Correct
POPULATION???
100%
CONSTRUCTION???
99.5%
ECONOMY???
99.5%
ENERGY???
99.5%
LIFESTYLE???
99.5%
HEALTH???
99.5%
CRIME AND EQUALITY???
99.5%
Higher current population ???
97.2%
Tallest building???
90.1%
Higher greenhouse gas emissions per capita???
85.3%
Higher number of prisoners per 100000 population???
83.9%
Higher number of cars (per 1000 population)???
83.1%
Tallest cathedral???
80.7%
Higher average age of the population???
80.6%
Higher human poverty index???
78.7%
Higher life expectancy???
75.2%
Higher cost of gasoline per gallon???
74.7%
More hours worked per person per year???
73.5%
Which country has the.. US/UK % Correct
Higher divorce rate per 1000???
73%
Higher under 5 mortality rate???
72.1%
Higher GDP per capita???
71.8%
Largest stadium by capacity???
69.4%
Higher alcohol consumption per capita???
67.1%
Higher percentage of women in the legislature???
61.7%
Higher employment rate???
61.1%
Higher population in 1900???
54.7%
Higher percentage of GDP given to international aid???
54%
Busiest airport by passenger traffic???
51.9%
Higher mortality from cigarette consumption???
49.8%
More physicians per 1000 population???
48.6%
Higher percentage of personal income spent on gasoline???
42.6%
Higher number of Internet users (per 100 population)???
30.4%
Higher percentage use of renewable energy???
29.4%
Higher voter turnout (percentage of registered voters)???
25.6%
Higher total crime per capita ???
14.6%

You're not logged in!

Compare scores with friends on all Sporcle quizzes.
OR
Log In

You Might Also Like...

Show Comments

Extras

Top Quizzes Today


Score Distribution

Your Account Isn't Verified!

In order to create a playlist on Sporcle, you need to verify the email address you used during registration. Go to your Sporcle Settings to finish the process.

Report this User

Report this user for behavior that violates our Community Guidelines.

Details: